| 000 | 00596 a2200193 4500 | ||
|---|---|---|---|
| 010 | _aENG-87997 | ||
| 020 |
_a8121403057 _c70.00 |
||
| 035 | _aEN-71530 | ||
| 037 | _bDBAD / PUB | ||
| 082 | 1 | 4 | _aN |
| 090 |
_c7561 _d7561 |
||
| 100 | 1 | _aSeth, Sharad | |
| 245 | 1 |
_aBPO & bublee / _cby Sharad Seth |
|
| 260 |
_aNew Delhi _bNational Paperbacks _c2006 |
||
| 270 |
_a2/35, Ansari Road, Darya Ganj _bNew Delhi _e110 002 _cDelhi _k23254407 |
||
| 300 |
_a106 p. _c21.5 cm ( Pbk.) |
||
| 942 |
_adpl _cEN _kN / SET |
||
| 999 |
_c7429 _d7429 |
||